[Event "Bogota Ventura Cup"]
[Site "Bogota"]
[Date "2024.08.18"]
[Round "1"]
[White "Gonzalez Mojica, Renan Arturo"]
[Black "Guevara Garcia, Miguel Angel"]
[Result "1-0"]
[WhiteElo "1992"]
[BlackElo "1622"]
[PlyCount "37"]
[EventDate "2024.08.18"]
[EventType "swiss"]
[EventRounds "6"]
[EventCountry "COL"]
[SourceTitle "CBM 221 Extra"]
[Source "ChessBase"]
[SourceDate "2024.09.30"]
[SourceVersion "1"]
[SourceVersionDate "2024.09.30"]
[SourceQuality "1"]

1. d4 d5 2. c4 e6 3. Nc3 Nf6 4. Nf3 Be7 5. Bf4 0-0 6. e3 b6 7. cxd5 exd5 8. Bd3 Bb7 9. Ne5 Nbd7 10. Qf3 c5 11. 0-0 a6 12. Qh3 Re8 13. Bxh7+ Nxh7 14. Qxd7 Qxd7 15. Nxd7 cxd4 16. exd4 Bd8 17. Rfe1 Nf6 18. Rxe8+ Nxe8 19. Na4 1-0

[Event "Bogota Ventura Cup"]
[Site "Bogota"]
[Date "2024.08.18"]
[Round "3"]
[White "Gonzalez Mojica, Renan Arturo"]
[Black "Pacheco Gutierrez, Johnny Rafael"]
[Result "1/2-1/2"]
[WhiteElo "1992"]
[BlackElo "1900"]
[PlyCount "75"]
[EventDate "2024.08.18"]
[EventType "swiss"]
[EventRounds "6"]
[EventCountry "COL"]
[SourceTitle "CBM 221 Extra"]
[Source "ChessBase"]
[SourceDate "2024.09.30"]
[SourceVersion "1"]
[SourceVersionDate "2024.09.30"]
[SourceQuality "1"]

1. d4 d5 2. c4 e6 3. Nc3 Nf6 4. Nf3 Be7 5. Bf4 0-0 6. e3 b6 7. cxd5 Nxd5 8. Nxd5 Qxd5 9. Bd3 Bb4+ 10. Kf1 f5 11. Bxc7 Bb7 12. a3 Be7 13. Rc1 b5 14. Bc2 Qc4+ 15. Bd3 Qd5 16. Qe2 a6 17. a4 Bc6 18. h4 Rc8 19. Bf4 bxa4 20. Kg1 Nd7 21. Bxa6 Bb7 22. Bc4 Ba6 23. Bxd5 Rxc1+ 24. Kh2 Rxh1+ 25. Kxh1 Bxe2 26. Bxa8 Bxf3 27. Bxf3 Bxh4 28. Bc6 Nb6 29. g3 Bd8 30. Bd6 Nc4 31. Bb4 Nxb2 32. Bb5 Nd1 33. Kg2 a3 34. Bc4 Kf7 35. Bxa3 Nc3 36. Bb4 Nd5 37. Bd2 h6 38. f3 1/2-1/2

[Event "Titled Tuesday intern op 13th Aug Late"]
[Site "Chess.com INT"]
[Date "2024.08.13"]
[Round "1"]
[White "Gonzalez Mojica, Renan Arturo"]
[Black "Skatchkov, Valery"]
[Result "0-1"]
[WhiteElo "1992"]
[BlackElo "2257"]
[PlyCount "32"]
[EventDate "2024.08.13"]
[EventType "swiss (blitz)"]
[EventRounds "11"]
[EventCountry "USA"]
[SourceTitle "EXT 2025"]
[Source "ChessBase"]
[SourceDate "2024.10.14"]
[SourceVersion "1"]
[SourceVersionDate "2024.10.14"]
[SourceQuality "1"]

1. d4 Nf6 2. c4 e6 3. Nc3 Bb4 4. f3 c5 5. d5 0-0 6. e4 b5 7. Nge2 bxc4 8. Nf4 Ba6 9. Qc2 exd5 10. Nfxd5 Nxd5 11. exd5 Re8+ 12. Be2 Qh4+ 13. g3 Qd4 14. Bd2 Qd3 15. Kd1 Qxc2+ 16. Kxc2 Bxc3 0-1

[Event "Titled Tuesday intern op 13th Aug Late"]
[Site "Chess.com INT"]
[Date "2024.08.13"]
[Round "3"]
[White "Kotyk, Michael"]
[Black "Gonzalez Mojica, Renan Arturo"]
[Result "1-0"]
[WhiteElo "2196"]
[BlackElo "1992"]
[PlyCount "71"]
[EventDate "2024.08.13"]
[EventType "swiss (blitz)"]
[EventRounds "11"]
[EventCountry "USA"]
[SourceTitle "EXT 2025"]
[Source "ChessBase"]
[SourceDate "2024.10.14"]
[SourceVersion "1"]
[SourceVersionDate "2024.10.14"]
[SourceQuality "1"]

1. d4 d6 2. e4 Nf6 3. Nc3 g6 4. Nf3 Bg7 5. Be3 c6 6. Qd2 b5 7. e5 Ng4 8. Bf4 dxe5 9. Nxe5 Nxe5 10. Bxe5 Bxe5 11. dxe5 Qxd2+ 12. Kxd2 Bf5 13. g3 b4 14. Ne2 Be4 15. Rg1 0-0 16. c3 Rd8+ 17. Ke3 Bf5 18. Nd4 bxc3 19. bxc3 c5 20. Nxf5 gxf5 21. Bg2 Nd7 22. Bxa8 Rxa8 23. f4 Nb6 24. Rgd1 Kg7 25. Kf3 Rc8 26. Rab1 Na4 27. Rb3 c4 28. Ra3 Nc5 29. Rxa7 Rb8 30. Rd5 Ne4 31. Rdd7 Rb2 32. Rxe7 Rf2+ 33. Ke3 Rxh2 34. Rxf7+ Kg6 35. Rg7+ Kh6 36. Rxh7+ 1-0

[Event "Titled Tuesday intern op 06th Aug Late"]
[Site "Chess.com INT"]
[Date "2024.08.06"]
[Round "5"]
[White "Christodoulaki, Antonia"]
[Black "Gonzalez Mojica, Renan Arturo"]
[Result "1-0"]
[WhiteElo "1994"]
[BlackElo "1992"]
[PlyCount "75"]
[EventDate "2024.08.06"]
[EventType "swiss (blitz)"]
[EventRounds "11"]
[EventCountry "USA"]
[SourceTitle "EXT 2025"]
[Source "ChessBase"]
[SourceDate "2024.10.14"]
[SourceVersion "1"]
[SourceVersionDate "2024.10.14"]
[SourceQuality "1"]

1. e4 d6 2. d4 Nf6 3. Nc3 g6 4. Nf3 Bg7 5. h3 0-0 6. Be3 c6 7. a4 Nbd7 8. Be2 e5 9. dxe5 Nxe5 10. Nxe5 dxe5 11. Qxd8 Rxd8 12. 0-0 Be6 13. Rfd1 Bf8 14. Rxd8 Rxd8 15. Bxa7 Bb4 16. Bd3 c5 17. Bb6 Rc8 18. Nd5 Bxd5 19. exd5 Nxd5 20. a5 Ra8 21. Rd1 Nxb6 22. axb6 Ba5 23. Bc4 Bxb6 24. Rd7 Ra4 25. b3 Ra1+ 26. Kh2 Ba5 27. Rxf7 Kh8 28. Rxb7 Be1 29. Rf7 Bd2 30. Kg3 Bf4+ 31. Kf3 Rd1 32. g3 Bg5 33. h4 Bc1 34. Rc7 Rd2 35. Rxc5 Rxc2 36. Rxe5 Rc3+ 37. Kg2 Bb2 38. Re8+ 1-0

[Event "Titled Tuesday intern op 06th Aug Early"]
[Site "Chess.com INT"]
[Date "2024.08.06"]
[Round "7"]
[White "Gonzalez Mojica, Renan Arturo"]
[Black "Golubovic, Erik"]
[Result "1-0"]
[WhiteElo "1992"]
[BlackElo "2117"]
[PlyCount "61"]
[EventDate "2024.08.06"]
[EventType "swiss (blitz)"]
[EventRounds "11"]
[EventCountry "USA"]
[SourceTitle "EXT 2025"]
[Source "ChessBase"]
[SourceDate "2024.10.14"]
[SourceVersion "1"]
[SourceVersionDate "2024.10.14"]
[SourceQuality "1"]

1. d4 Nf6 2. c4 c5 3. d5 b5 4. cxb5 a6 5. b6 Qxb6 6. Nc3 d6 7. e4 g6 8. Nf3 Bg7 9. Be2 0-0 10. Nd2 Nbd7 11. Nc4 Qc7 12. 0-0 Nb6 13. Bf4 Nxc4 14. Bxc4 Rb8 15. Qe2 Nd7 16. Rab1 Qa5 17. Bg5 Re8 18. f4 Nb6 19. Bb3 c4 20. Bc2 e6 21. dxe6 Bxe6 22. Qd2 d5 23. f5 Bd7 24. exd5 Be5 25. fxg6 hxg6 26. Ne4 Qxd5 27. Qf2 Bd4 28. Nf6+ Bxf6 29. Bxf6 Qh5 30. Bd4 Nd5 31. Qxf7# 1-0

[Event "Titled Tuesday intern op 06th Aug Late"]
[Site "Chess.com INT"]
[Date "2024.08.06"]
[Round "6"]
[White "Gonzalez Mojica, Renan Arturo"]
[Black "Gulamirian, Korun"]
[Result "1-0"]
[WhiteElo "1992"]
[BlackElo "1890"]
[PlyCount "79"]
[EventDate "2024.08.06"]
[EventType "swiss (blitz)"]
[EventRounds "11"]
[EventCountry "USA"]
[SourceTitle "EXT 2025"]
[Source "ChessBase"]
[SourceDate "2024.10.14"]
[SourceVersion "1"]
[SourceVersionDate "2024.10.14"]
[SourceQuality "1"]

1. d4 Nf6 2. c4 c5 3. d5 b5 4. f3 g6 5. e4 d6 6. cxb5 a6 7. bxa6 Bxa6 8. Bxa6 Qa5+ 9. Nc3 Qxa6 10. Qe2 c4 11. Be3 Nbd7 12. Qf2 Ne5 13. Kf1 Nd3 14. Qd2 Rb8 15. Rb1 Nd7 16. Bd4 f6 17. Nge2 h5 18. Nf4 Bh6 19. Be3 N7e5 20. Nxd3 Bxe3 21. Qxe3 cxd3 22. Kf2 g5 23. h3 Kf7 24. Rhd1 g4 25. f4 Ng6 26. Qxd3 Nxf4 27. Qxa6 gxh3 28. gxh3 Nxh3+ 29. Kg3 Ng5 30. e5 fxe5 31. Rf1+ Kg6 32. Qd3+ Kh6 33. Ne4 Rhg8 34. Qe3 Rb4 35. Nxg5 Rxg5+ 36. Kh3 Rbg4 37. Rf5 Kg6 38. Rxg5+ Rxg5 39. Qxg5+ Kxg5 40. b4 1-0

[Event "Titled Tuesday intern op 06th Aug Late"]
[Site "Chess.com INT"]
[Date "2024.08.06"]
[Round "7"]
[White "Gonzalez Mojica, Renan Arturo"]
[Black "Porat, Tori"]
[Result "0-1"]
[WhiteElo "1992"]
[BlackElo "1854"]
[PlyCount "84"]
[EventDate "2024.08.06"]
[EventType "swiss (blitz)"]
[EventRounds "11"]
[EventCountry "USA"]
[SourceTitle "EXT 2025"]
[Source "ChessBase"]
[SourceDate "2024.10.14"]
[SourceVersion "1"]
[SourceVersionDate "2024.10.14"]
[SourceQuality "1"]

1. d4 d5 2. c4 c6 3. cxd5 cxd5 4. Bf4 Nf6 5. Nc3 e6 6. e3 Nc6 7. Bd3 Be7 8. Nf3 0-0 9. h3 h6 10. 0-0 Ne8 11. Rc1 a6 12. Bb1 Nd6 13. Qd3 f5 14. a3 b5 15. Nxd5 exd5 16. Rxc6 Bb7 17. Rcc1 Bf6 18. Bxd6 Qxd6 19. Qxf5 Rac8 20. Rxc8 Rxc8 21. Ne5 Rc7 22. Qh7+ Kf8 23. Qh8+ Ke7 24. Bg6 Bxe5 25. Qe8+ Kf6 26. dxe5+ Qxe5 27. Qxe5+ Kxe5 28. Rd1 a5 29. f3 Ba6 30. Kf1 b4+ 31. Kf2 b3 32. f4+ Ke6 33. g4 Bb5 34. Bf5+ Kd6 35. e4 Rc2+ 36. Ke3 Re2+ 37. Kf3 Rxb2 38. Rxd5+ Kc6 39. Rxb5 Kxb5 40. Bd7+ Kc5 41. Be6 Rb1 42. f5 b2 0-1

[Event "Titled Tuesday intern op 06th Aug Early"]
[Site "Chess.com INT"]
[Date "2024.08.06"]
[Round "2"]
[White "Gonzalez Mojica, Renan Arturo"]
[Black "Villa Tornero, Alex"]
[Result "1-0"]
[WhiteElo "1992"]
[BlackElo "2241"]
[PlyCount "83"]
[EventDate "2024.08.06"]
[EventType "swiss (blitz)"]
[EventRounds "11"]
[EventCountry "USA"]
[SourceTitle "EXT 2025"]
[Source "ChessBase"]
[SourceDate "2024.10.14"]
[SourceVersion "1"]
[SourceVersionDate "2024.10.14"]
[SourceQuality "1"]

1. d4 Nf6 2. c4 e6 3. Nc3 c5 4. d5 exd5 5. cxd5 d6 6. e4 g6 7. f4 Bg7 8. Bb5+ Nfd7 9. Be2 0-0 10. Nf3 Re8 11. 0-0 a6 12. a4 Bxc3 13. bxc3 Nf6 14. e5 dxe5 15. fxe5 Nxd5 16. Bg5 Qd7 17. Qb3 Qe6 18. Bc4 Ne3 19. Bxe6 Bxe6 20. Qxb7 Bd5 21. Qxa8 Bxa8 22. Bxe3 Nd7 23. Rad1 Nb6 24. a5 Nd5 25. Bxc5 Nxc3 26. Rd7 Bc6 27. Rc7 Bb5 28. Re1 h6 29. Nd4 Bd3 30. e6 fxe6 31. Rxe6 Ne2+ 32. Kf2 Rb8 33. Nxe2 h5 34. Ke3 Bf5 35. Ree7 Rb3+ 36. Kf4 g5+ 37. Kxg5 Rb8 38. Rg7+ Kh8 39. Kxf5 Rf8+ 40. Kg5 Rg8 41. Rxg8+ Kxg8 42. Kg6 1-0

[Event "Titled Tuesday intern op 06th Aug Early"]
[Site "Chess.com INT"]
[Date "2024.08.06"]
[Round "10"]
[White "Gonzalez Mojica, Renan Arturo"]
[Black "Vlachos, Anatole"]
[Result "0-1"]
[WhiteElo "1992"]
[BlackElo "2461"]
[PlyCount "58"]
[EventDate "2024.08.06"]
[EventType "swiss (blitz)"]
[EventRounds "11"]
[EventCountry "USA"]
[SourceTitle "EXT 2025"]
[Source "ChessBase"]
[SourceDate "2024.10.14"]
[SourceVersion "1"]
[SourceVersionDate "2024.10.14"]
[SourceQuality "1"]

1. d4 f5 2. Bg5 h6 3. Bh4 g5 4. Bg3 Nf6 5. e3 d6 6. c4 e6 7. Nc3 Qe7 8. Nf3 Nbd7 9. Bd3 Nb6 10. 0-0 Bd7 11. Rc1 Bg7 12. c5 Nbd5 13. cxd6 cxd6 14. Nb5 Bxb5 15. Bxb5+ Kf7 16. Qb3 Ne4 17. Rc2 Rhc8 18. Rfc1 Rxc2 19. Rxc2 h5 20. Bc4 h4 21. Bxd5 exd5 22. Qxd5+ Kg6 23. Nxh4+ gxh4 24. Bf4 Bf6 25. f3 Ng5 26. Bxd6 Rd8 27. Rc5 Qxe3+ 28. Kf1 Qd3+ 29. Kg1 Bxd4+ 0-1

[Event "Titled Tuesday intern op 06th Aug Early"]
[Site "Chess.com INT"]
[Date "2024.08.06"]
[Round "5"]
[White "Gonzalez Mojica, Renan Arturo"]
[Black "Voitovich, Vladislav"]
[Result "1-0"]
[WhiteElo "1992"]
[BlackElo "2319"]
[PlyCount "107"]
[EventDate "2024.08.06"]
[EventType "swiss (blitz)"]
[EventRounds "11"]
[EventCountry "USA"]
[SourceTitle "EXT 2025"]
[Source "ChessBase"]
[SourceDate "2024.10.14"]
[SourceVersion "1"]
[SourceVersionDate "2024.10.14"]
[SourceQuality "1"]

1. d4 Nf6 2. c4 e5 3. Nc3 exd4 4. Qxd4 Nc6 5. Qd1 Bb4 6. g3 Bxc3+ 7. bxc3 Ne4 8. Bg2 Qe7 9. Qc2 f5 10. f3 Nc5 11. Qxf5 d6 12. Qg5 Qf7 13. Qe3+ Be6 14. Nh3 0-0 15. Ng5 Qf6 16. Nxe6 Nxe6 17. 0-0 Rae8 18. Qd2 Ne5 19. e4 Nxc4 20. Qd3 Ne5 21. Qe2 Nc5 22. Be3 Qe6 23. Bd4 Qc4 24. Rae1 Ncd3 25. Rd1 c5 26. Bxe5 Nxe5 27. Qc2 Rf6 28. f4 Ng4 29. e5 dxe5 30. Bd5+ Qxd5 31. Rxd5 Ne3 32. Qb3 c4 33. Qxb7 Nxf1 34. Kxf1 exf4 35. Rd7 fxg3+ 36. Kg2 Re2+ 37. Kxg3 Re3+ 38. Kg2 Re2+ 39. Kg3 Re3+ 40. Kg4 Rg6+ 41. Kf4 Re8 42. Qd5+ Kh8 43. Rd8 Rf6+ 44. Kg3 Rff8 45. Rxe8 Rxe8 46. Qd7 Rg8 47. Qf7 h6 48. Qxc4 Rf8 49. Qd4 Rc8 50. c4 Rc6 51. c5 Rg6+ 52. Kf3 a5 53. Qd8+ Kh7 54. Qd3 1-0

[Event "Titled Tuesday intern op 06th Aug Late"]
[Site "Chess.com INT"]
[Date "2024.08.06"]
[Round "9"]
[White "Gonzalez Mojica, Renan Arturo"]
[Black "Zapata Romero, Italo German"]
[Result "0-1"]
[WhiteElo "1992"]
[BlackElo "2049"]
[PlyCount "74"]
[EventDate "2024.08.06"]
[EventType "swiss (blitz)"]
[EventRounds "11"]
[EventCountry "USA"]
[SourceTitle "EXT 2025"]
[Source "ChessBase"]
[SourceDate "2024.10.14"]
[SourceVersion "1"]
[SourceVersionDate "2024.10.14"]
[SourceQuality "1"]

1. d4 Nf6 2. c4 g6 3. Nc3 d5 4. Qb3 dxc4 5. Qxc4 Bg7 6. Bf4 c6 7. e4 b5 8. Qb3 Qxd4 9. Rd1 Qb6 10. Nf3 Bg4 11. Be2 0-0 12. 0-0 Nbd7 13. e5 Nc5 14. exf6 Nxb3 15. fxg7 Kxg7 16. axb3 Rad8 17. h3 Be6 18. b4 f6 19. Be3 Qb7 20. Nd4 Bf7 21. Bf3 Bd5 22. Nxd5 cxd5 23. Ne6+ Kf7 24. Nxd8+ Rxd8 25. Bc5 e6 26. Rfe1 Qc6 27. Rd2 a5 28. Rde2 Re8 29. g3 axb4 30. Bxb4 Qc4 31. Bc3 b4 32. Bd2 Re7 33. Kg2 Qb3 34. Be3 e5 35. Rc1 d4 36. Bd2 f5 37. Rc6 e4 0-1

[Event "Titled Tuesday intern op 06th Aug Early"]
[Site "Chess.com INT"]
[Date "2024.08.06"]
[Round "11"]
[White "Guo, Ethan"]
[Black "Gonzalez Mojica, Renan Arturo"]
[Result "1-0"]
[WhiteElo "2211"]
[BlackElo "1992"]
[PlyCount "49"]
[EventDate "2024.08.06"]
[EventType "swiss (blitz)"]
[EventRounds "11"]
[EventCountry "USA"]
[SourceTitle "EXT 2025"]
[Source "ChessBase"]
[SourceDate "2024.10.14"]
[SourceVersion "1"]
[SourceVersionDate "2024.10.14"]
[SourceQuality "1"]

1. e4 d6 2. d4 Nf6 3. Nc3 g6 4. Be3 c6 5. Qd2 b5 6. Bd3 Nbd7 7. Nf3 Qc7 8. Ne2 Bb7 9. a4 a6 10. 0-0 Bg7 11. Bh6 0-0 12. c3 c5 13. Ng3 e5 14. Bxg7 Kxg7 15. dxe5 dxe5 16. axb5 axb5 17. Bxb5 Rad8 18. Rfe1 c4 19. Qg5 Kh8 20. Ra4 Qd6 21. Rxc4 Nb6 22. Rb4 Bc6 23. Bxc6 Qxc6 24. Nxe5 Qd6 25. Nf3 1-0

[Event "Titled Tuesday intern op 06th Aug Early"]
[Site "Chess.com INT"]
[Date "2024.08.06"]
[Round "8"]
[White "Ibadov, Dashgyn"]
[Black "Gonzalez Mojica, Renan Arturo"]
[Result "1-0"]
[WhiteElo "2337"]
[BlackElo "1992"]
[PlyCount "77"]
[EventDate "2024.08.06"]
[EventType "swiss (blitz)"]
[EventRounds "11"]
[EventCountry "USA"]
[SourceTitle "EXT 2025"]
[Source "ChessBase"]
[SourceDate "2024.10.14"]
[SourceVersion "1"]
[SourceVersionDate "2024.10.14"]
[SourceQuality "1"]

1. d4 d6 2. e4 Nf6 3. Nc3 g6 4. Nf3 Bg7 5. Be3 c6 6. Qd2 b5 7. Bd3 Nbd7 8. 0-0 0-0 9. a4 b4 10. Ne2 c5 11. Bh6 Bb7 12. Bxg7 Kxg7 13. Ng3 a5 14. d5 e6 15. Bc4 exd5 16. exd5 Nb6 17. b3 Bxd5 18. Bxd5 Nbxd5 19. Qg5 Qd7 20. Nh4 Rfe8 21. Rae1 Qg4 22. Nhf5+ Kh8 23. Qxg4 Nxg4 24. Nxd6 Rxe1 25. Rxe1 Kg7 26. Nc4 Ngf6 27. h3 Nc3 28. Re5 Nfd5 29. Ne4 f5 30. Nxc3 Nxc3 31. Rxc5 Rd8 32. Nxa5 Rd1+ 33. Kh2 Rc1 34. Nc6 Rxc2 35. Nxb4 Rc1 36. a5 Na2 37. Rxc1 Nxc1 38. a6 Nxb3 39. a7 1-0

[Event "Titled Tuesday intern op 06th Aug Early"]
[Site "Chess.com INT"]
[Date "2024.08.06"]
[Round "6"]
[White "Nemec, Jachym"]
[Black "Gonzalez Mojica, Renan Arturo"]
[Result "1-0"]
[WhiteElo "2414"]
[BlackElo "1992"]
[PlyCount "73"]
[EventDate "2024.08.06"]
[EventType "swiss (blitz)"]
[EventRounds "11"]
[EventCountry "USA"]
[SourceTitle "EXT 2025"]
[Source "ChessBase"]
[SourceDate "2024.10.14"]
[SourceVersion "1"]
[SourceVersionDate "2024.10.14"]
[SourceQuality "1"]

1. Nf3 d6 2. e4 Nf6 3. Nc3 g6 4. d4 Bg7 5. Be2 0-0 6. 0-0 c5 7. d5 e6 8. h3 exd5 9. exd5 Nbd7 10. Bf4 Ne5 11. Nxe5 dxe5 12. Bxe5 Re8 13. Bh2 Bf5 14. Bf3 Ne4 15. Nxe4 Bxe4 16. Bxe4 Rxe4 17. c3 b5 18. Qd3 Re8 19. Rad1 Qd7 20. Qf3 Rad8 21. Bg3 b4 22. cxb4 cxb4 23. b3 a5 24. Rd3 Be5 25. Bxe5 Rxe5 26. Rfd1 Rf5 27. Qe4 Qd6 28. g3 Re5 29. Qf4 Kf8 30. Kg2 Rf5 31. Qd4 Qe5 32. Qc5+ Kg7 33. R1d2 Qe4+ 34. Kh2 Rf3 35. Rxf3 Qxf3 36. d6 Re8 37. Qd4+ 1-0

[Event "Titled Tuesday intern op 30th Jul Late"]
[Site "Chess.com INT"]
[Date "2024.07.30"]
[Round "1"]
[White "Altini, Nicola"]
[Black "Gonzalez Mojica, Renan Arturo"]
[Result "1-0"]
[WhiteElo "2374"]
[BlackElo "2003"]
[PlyCount "95"]
[EventDate "2024.07.30"]
[EventType "swiss (blitz)"]
[EventRounds "11"]
[EventCountry "USA"]
[SourceTitle "EXT 2025"]
[Source "ChessBase"]
[SourceDate "2024.10.14"]
[SourceVersion "1"]
[SourceVersionDate "2024.10.14"]
[SourceQuality "1"]

1. d4 Nf6 2. Nc3 d6 3. e4 g6 4. Be3 c6 5. f3 b5 6. g4 Nbd7 7. Qd2 Nb6 8. h4 h5 9. g5 Nfd7 10. Bh3 Nc4 11. Qc1 Nxe3 12. Qxe3 Bg7 13. Nge2 b4 14. Nd1 Qa5 15. 0-0 c5 16. c3 bxc3 17. Ndxc3 cxd4 18. Nxd4 Qb6 19. Rfd1 Bxd4 20. Qxd4 Qxd4+ 21. Rxd4 Ne5 22. Bg2 Rb8 23. b3 Bh3 24. f4 Bxg2 25. fxe5 dxe5 26. Rd3 Bxe4 27. Nxe4 0-0 28. Rd7 Rfc8 29. Rxe7 Rc2 30. Rf1 Rd8 31. Nf6+ Kf8 32. Rd7 Rxd7 33. Nxd7+ Ke8 34. Nxe5 Rxa2 35. Nxf7 Rb2 36. Ne5 Rxb3 37. Nxg6 Rb7 38. Rf6 a5 39. Ra6 Rb1+ 40. Kg2 Rb2+ 41. Kf3 Rb3+ 42. Kf4 Rb4+ 43. Kf5 Rb5+ 44. Ne5 Rb4 45. g6 Rxh4 46. g7 Rg4 47. Nxg4 hxg4 48. g8Q+ 1-0

[Event "Titled Tuesday intern op 30th Jul Late"]
[Site "Chess.com INT"]
[Date "2024.07.30"]
[Round "7"]
[White "Gonzalez Mojica, Renan Arturo"]
[Black "Ai, Evan Zihao"]
[Result "0-1"]
[WhiteElo "2003"]
[BlackElo "2150"]
[PlyCount "108"]
[EventDate "2024.07.30"]
[EventType "swiss (blitz)"]
[EventRounds "11"]
[EventCountry "USA"]
[SourceTitle "EXT 2025"]
[Source "ChessBase"]
[SourceDate "2024.10.14"]
[SourceVersion "1"]
[SourceVersionDate "2024.10.14"]
[SourceQuality "1"]

1. d4 d6 2. c4 e5 3. Nf3 Nc6 4. d5 Nce7 5. e4 f5 6. Nc3 Nf6 7. Bd3 g6 8. Bg5 Bg7 9. Bxf6 Bxf6 10. 0-0 0-0 11. b4 Kh8 12. c5 f4 13. h3 g5 14. Nd2 Rg8 15. Be2 a5 16. cxd6 cxd6 17. bxa5 Qxa5 18. Nc4 Qxc3 19. Rc1 Qb4 20. a3 Qa4 21. Qxa4 Rxa4 22. Nxd6 Rxa3 23. Rc7 f3 24. Bxf3 Bxh3 25. Bh5 Bc8 26. Nf7+ Kg7 27. d6 Nc6 28. d7 Bxd7 29. Rxd7 Kf8 30. Rxb7 Ne7 31. Nd6 Rd3 32. Nf5 Nxf5 33. Rf7+ Ke8 34. Rxf6+ Ke7 35. Rxf5 Rg7 36. Be2 Rd2 37. Bf3 g4 38. Bd1 Kd6 39. Rf6+ Kc5 40. Bb3 h5 41. Bd5 h4 42. Rc6+ Kd4 43. Rc4+ Kd3 44. Rfc1 h3 45. R1c3+ Ke2 46. Re3+ Kd1 47. Rcc3 h2+ 48. Kxh2 Rxf2 49. Bb3+ Kd2 50. Red3+ Ke2 51. Bd1+ Ke1 52. Bxg4 Rxg4 53. Rg3 Rxe4 54. Rce3+ Re2 0-1

[Event "Titled Tuesday intern op 30th Jul Late"]
[Site "Chess.com INT"]
[Date "2024.07.30"]
[Round "2"]
[White "Gonzalez Mojica, Renan Arturo"]
[Black "Lebedev, Artem S"]
[Result "1-0"]
[WhiteElo "2003"]
[BlackElo "2024"]
[PlyCount "75"]
[EventDate "2024.07.30"]
[EventType "swiss (blitz)"]
[EventRounds "11"]
[EventCountry "USA"]
[SourceTitle "EXT 2025"]
[Source "ChessBase"]
[SourceDate "2024.10.14"]
[SourceVersion "1"]
[SourceVersionDate "2024.10.14"]
[SourceQuality "1"]

1. d4 Nf6 2. c4 e6 3. Nc3 Bb4 4. f3 c5 5. d5 0-0 6. e4 exd5 7. cxd5 b5 8. Bxb5 Qa5 9. Be2 Re8 10. Bd2 d6 11. a3 Bxc3 12. Bxc3 Qb6 13. Nh3 Nbd7 14. 0-0 Ba6 15. Nf4 Bxe2 16. Qxe2 g5 17. Nh3 Nxd5 18. Nxg5 Nf4 19. Qd2 Ng6 20. Rad1 c4+ 21. Qd4 Qxd4+ 22. Rxd4 Nde5 23. Rxd6 h6 24. Nh3 Nd3 25. b3 Rad8 26. Rxd8 Rxd8 27. bxc4 Rc8 28. Rd1 Nde5 29. Nf4 Rxc4 30. Nxg6 Nxg6 31. Rd8+ Kh7 32. Bf6 Nf4 33. g3 Rc1+ 34. Kf2 Rc2+ 35. Ke3 Nh3 36. f4 Rc3+ 37. Kd4 Rc2 38. f5 1-0

[Event "Titled Tuesday intern op 30th Jul Late"]
[Site "Chess.com INT"]
[Date "2024.07.30"]
[Round "6"]
[White "Kollars, Dmitrij"]
[Black "Gonzalez Mojica, Renan Arturo"]
[Result "1-0"]
[WhiteElo "2656"]
[BlackElo "2003"]
[PlyCount "129"]
[EventDate "2024.07.30"]
[EventType "swiss (blitz)"]
[EventRounds "11"]
[EventCountry "USA"]
[SourceTitle "EXT 2025"]
[Source "ChessBase"]
[SourceDate "2024.10.14"]
[SourceVersion "1"]
[SourceVersionDate "2024.10.14"]
[SourceQuality "1"]

1. Nf3 Nf6 2. g3 g6 3. Bg2 Bg7 4. 0-0 0-0 5. d4 d6 6. Re1 Nbd7 7. e4 e5 8. Nc3 exd4 9. Nxd4 Re8 10. Nb3 a5 11. a4 Nb6 12. h3 Bd7 13. Kh2 Re7 14. Bf4 Qe8 15. Qf3 Nxa4 16. Nxa4 Bxa4 17. Bg5 Bxb3 18. Qxb3 c6 19. Rad1 d5 20. e5 Rxe5 21. Rxe5 Qxe5 22. Qxb7 Rb8 23. Bxf6 Bxf6 24. Qxc6 Rxb2 25. Rxd5 Qe7 26. Rd7 Qe5 27. Bd5 Be7 28. Qc8+ Kg7 29. Qe8 Qf6 30. Qxe7 Qxf2+ 31. Bg2 Rxc2 32. Qe5+ Kh6 33. Qf4+ Qxf4 34. gxf4 f5 35. Ra7 Ra2 36. Kg3 Ra3+ 37. Kh2 Ra4 38. Kg3 Ra3+ 39. Bf3 Ra4 40. Bd5 Ra3+ 41. Kg2 Ra4 42. Kg3 Ra3+ 43. Bf3 Ra4 44. h4 Ra3 45. Ra8 Ra4 46. Ra6 Ra3 47. Ra7 Ra4 48. Bd5 Ra3+ 49. Kg2 Ra4 50. Kf3 Ra3+ 51. Kf2 Ra4 52. Kg3 Ra3+ 53. Bf3 Ra4 54. Rb7 Ra3 55. Rc7 Ra4 56. Rd7 Ra3 57. Rd4 Rb3 58. Rd5 a4 59. Ra5 a3 60. Ra7 Rc3 61. Kf2 Rb3 62. Bd5 Rb2+ 63. Kg3 Rb4 64. Bg8 Rd4 65. Rxh7# 1-0

[Event "Titled Tuesday intern op 30th Jul Late"]
[Site "Chess.com INT"]
[Date "2024.07.30"]
[Round "10"]
[White "Reprintsev, Alexander"]
[Black "Gonzalez Mojica, Renan Arturo"]
[Result "1/2-1/2"]
[WhiteElo "2230"]
[BlackElo "2003"]
[PlyCount "161"]
[EventDate "2024.07.30"]
[EventType "swiss (blitz)"]
[EventRounds "11"]
[EventCountry "USA"]
[SourceTitle "EXT 2025"]
[Source "ChessBase"]
[SourceDate "2024.10.14"]
[SourceVersion "1"]
[SourceVersionDate "2024.10.14"]
[SourceQuality "1"]

1. e4 d6 2. d4 Nf6 3. Nc3 g6 4. h4 h5 5. Nf3 c6 6. Be2 b5 7. Ng5 Bg7 8. f3 0-0 9. Be3 Nbd7 10. Qd2 e5 11. g4 exd4 12. Bxd4 Ne5 13. gxh5 Nxh5 14. 0-0-0 b4 15. Na4 Qa5 16. b3 Ng3 17. h5 gxh5 18. Rhg1 h4 19. f4 Ng6 20. Bxg7 Kxg7 21. f5 Qe5 22. Kb1 Bxf5 23. exf5 Qxf5 24. Bd3 Qg4 25. Ne4 Nxe4 26. Rxg4 Nxd2+ 27. Rxd2 Rh8 28. Rh2 c5 29. Nb2 Rae8 30. Nc4 Re6 31. Bf5 Rf6 32. Bxg6 fxg6 33. Rgxh4 Rxh4 34. Rxh4 g5 35. Rg4 Kg6 36. Kc1 d5 37. Ne3 d4 38. Nd5 Rf1+ 39. Kd2 Rf2+ 40. Kd3 Kf5 41. Rg1 g4 42. Ne7+ Kf4 43. Ng6+ Kf5 44. Nh4+ Kg5 45. Ng2 g3 46. Ne1 Kg4 47. Kc4 Kh3 48. Kxc5 Kh2 49. Rxg3 Kxg3 50. Kxd4 Re2 51. Nd3 Rxc2 52. Nxb4 Rc8 53. Nd5 Kf3 54. b4 Ke2 55. a4 Kd2 56. b5 Kc2 57. a5 Kb3 58. b6 axb6 59. axb6 Ka4 60. Ke5 Kb5 61. Kd6 Rd8+ 62. Kc7 Rxd5 63. b7 Rc5+ 64. Kd7 Rd5+ 65. Ke7 Re5+ 66. Kf7 Rf5+ 67. Kg7 Rg5+ 68. Kh7 Rh5+ 69. Kg8 Rg5+ 70. Kf7 Rf5+ 71. Ke7 Re5+ 72. Kd7 Rd5+ 73. Kc8 Rc5+ 74. Kd8 Rd5+ 75. Kc7 Rc5+ 76. Kd6 Rc6+ 77. Kd7 Rb6 78. Kc7 Rc6+ 79. Kd7 Rb6 80. Kc7 Rc6+ 81. Kd7 1/2-1/2